Analýza edukačného procesu účtovníctva v Maďarsku bakalárska práca

Gespeichert in:
Bibliographische Detailangaben
1. Verfasser: Paulendová, Mária
Körperschaft: Fakulta hospodárskej informatiky EU. Katedra účtovníctva a audítorstva
Weitere Verfasser: Surový, Vladimír
Format: Buch
Sprache:Slowakisch
Veröffentlicht: Bratislava 2012
Tags: Tag hinzufügen
Keine Tags, Fügen Sie das erste Tag hinzu!

MARC

LEADER 00000nbm a2200000 4500
001 0159279
005 20161109112012.0
041 0 |a slo 
044 |a SK 
245 1 0 |a Analýza edukačného procesu účtovníctva v Maďarsku  |b bakalárska práca  |c Mária Paulendová ; školiteľ: Vladimír Surový 
264 1 |a Bratislava  |c 2012 
300 |a 44 s. 
100 1 |a Paulendová, Mária 
700 1 |a Surový, Vladimír 
710 2 |a Fakulta hospodárskej informatiky EU. Katedra účtovníctva a audítorstva